[Event "23rd Abu Dhabi Masters"]
[Site "Abu Dhabi UAE"]
[Date "2016.08.28"]
[Round "8.32"]
[White "Ravi, Teja S."]
[Black "Igonin, Temur"]
[Result "1-0"]
[WhiteTitle "IM"]
[BlackTitle "IM"]
[WhiteElo "2387"]
[BlackElo "2466"]
[WhiteFideId "5017220"]
[BlackFideId "14203049"]
[EventDate "2016.08.21"]

1. d4 d5 2. c4 dxc4 3. e3 Nf6 4. Bxc4 e6 5. Nf3 a6 6. Bb3 b5 7. a4 b4 8. O-O Bb7
9. Nbd2 c5 10. e4 cxd4 11. e5 Nfd7 12. Nc4 Nc5 13. Nxd4 Nxb3 14. Nxb3 Qxd1 15.
Rxd1 Bd5 16. Nba5 Nd7 17. Ne3 Be4 18. f3 Bg6 19. Nec4 Bc5+ 20. Kh1 Rc8 21. Bd2
Bc2 22. Rdc1 b3 23. Na3 Bxa3 24. Rxa3 Rb8 25. Nc6 O-O 26. Nd4 Nxe5 27. Nxc2 Nd3
28. Rf1 Nxb2 29. Ne3 Rfd8 30. Ba5 Rd3 31. Rb1 Rc8 32. h3 Rc2 33. Rxb3 Rxb3 34.
Nxc2 1-0

[Event "23rd Abu Dhabi Masters"]
[Site "Abu Dhabi UAE"]
[Date "2016.08.28"]
[Round "8.33"]
[White "Kjartansson, Gudmundur"]
[Black "Iniyan, P"]
[Result "1/2-1/2"]
[WhiteTitle "IM"]
[WhiteElo "2442"]
[BlackElo "2368"]
[WhiteFideId "2301318"]
[BlackFideId "25002767"]
[EventDate "2016.08.21"]

1. e4 c5 2. Nf3 d6 3. d4 cxd4 4. Nxd4 Nf6 5. Nc3 a6 6. h3 e6 7. g4 d5 8. Nde2
Bb4 9. a3 Bxc3+ 10. Nxc3 d4 11. e5 Qa5 12. Qxd4 Nc6 13. Qd6 Ne4 14. Qd3 Nxc3 15.
Qxc3 Qxc3+ 16. bxc3 Nxe5 17. f4 Nc6 18. Be3 Ne7 19. Bg2 Nd5 20. Bxd5 exd5 21.
O-O-O O-O 22. Rxd5 Be6 23. Rd6 Rfe8 24. Bd4 Rad8 25. Rxd8 Rxd8 26. f5 Bd7 27.
Bb6 Bc6 28. Rg1 Re8 29. Kd2 Bb5 30. Be3 Rd8+ 31. Bd4 Re8 32. Rg2 Bc4 33. h4 h6
34. g5 h5 35. a4 Re4 36. Rh2 Re8 37. Kc1 Re1+ 38. Kd2 Re8 39. Kd1 Re4 40. f6 g6
41. Bc5 Re5 42. Bb4 Bd5 43. Rd2 Bc6 44. a5 Rd5 45. Rd4 Kh7 46. Kc1 Re5 47. Kd2
Re4 48. Kd3 Rg4 49. Bf8 Bb5+ 50. Kd2 Bc6 51. Rxg4 hxg4 52. Bd6 Be4 53. c4 Kg8
54. c3 Kh7 55. Ke3 Bc6 56. Kd4 Kg8 57. Kc5 Be4 58. Kb6 Bf3 59. Kc7 Be4 60. Kc8
Bf3 61. Kc7 Be4 62. Kd7 Bd3 63. Kc8 Be4 64. Kc7 Bf3 65. Kb6 Be4 66. Kc5 Bf3 67.
Kd4 Be2 68. c5 Bf3 69. Ke3 Bc6 70. Kf4 Bf3 71. Kg3 Kh7 72. c6 Bxc6 73. Kxg4 Kg8
74. Kf4 Bd5 75. Ke5 Bc6 76. Be7 Bf3 77. Kd6 Be4 78. Kc7 Bf3 79. Bd6 Be4 80. Kd8
Bf3 81. Ke8 Bc6+ 82. Ke7 Bf3 83. Ba3 Be4 84. Bc1 Bf3 85. Bf4 Be4 86. c4 Bd3 87.
c5 Be4 88. Bc1 Bf3 89. Bf4 Be4 90. Bc1 Bf3 91. Bf4 1/2-1/2

[Event "23rd Abu Dhabi Masters"]
[Site "Abu Dhabi UAE"]
[Date "2016.08.28"]
[Round "8.34"]
[White "Girish, A. Koushik"]
[Black "Fawzy, Adham"]
[Result "0-1"]
[WhiteTitle "IM"]
[BlackTitle "IM"]
[WhiteElo "2399"]
[BlackElo "2440"]
[WhiteFideId "5038448"]
[BlackFideId "10613129"]
[EventDate "2016.08.21"]

1. d4 Nf6 2. Bg5 d5 3. e3 c5 4. c3 Qb6 5. Qb3 Ne4 6. Bf4 Nc6 7. f3 Nf6 8. Nd2 c4
9. Qc2 e5 10. Bg5 exd4 11. exd4 Be7 12. Ne2 O-O 13. Ng3 Re8 14. Be2 h6 15. Be3
Ba3 16. bxa3 Rxe3 17. Ndf1 Re7 18. Qd2 Bd7 19. Ne3 Rae8 20. Ngf1 Nh5 21. g3 Bh3
22. Nxd5 Rxe2+ 23. Qxe2 Rxe2+ 24. Kxe2 Bxf1+ 25. Kxf1 Qb2 26. Re1 Nf6 27. Re2
Qxa3 28. Nxf6+ gxf6 29. Kg2 Qxc3 30. Rhe1 Nxd4 31. Re8+ Kg7 32. R1e3 Qd2+ 33.
Kh3 Nxf3 34. Rxf3 Qd7+ 0-1

[Event "23rd Abu Dhabi Masters"]
[Site "Abu Dhabi UAE"]
[Date "2016.08.28"]
[Round "8.35"]
[White "Dimakiling, Oliver"]
[Black "Sarkar, Justin"]
[Result "1-0"]
[WhiteTitle "IM"]
[BlackTitle "IM"]
[WhiteElo "2382"]
[BlackElo "2434"]
[WhiteFideId "5202248"]
[BlackFideId "2010011"]
[EventDate "2016.08.21"]

1. Nf3 d6 2. d4 Bg4 3. Nbd2 c5 4. h3 Bxf3 5. Nxf3 cxd4 6. Nxd4 Nf6 7. g3 d5 8.
Bg2 e5 9. Nb3 Nc6 10. O-O h6 11. c3 Be7 12. Be3 O-O 13. Qd3 Qc7 14. f4 Rad8 15.
Rac1 Rfe8 16. Bf2 exf4 17. gxf4 Ne4 18. Bd4 Nxd4 19. cxd4 Qb6 20. Rc2 a5 21. e3
a4 22. Nd2 Nxd2 23. Rxd2 g5 24. Rdf2 Qe6 25. Kh1 gxf4 26. Rxf4 Rf8 27. e4 dxe4
28. Rxe4 Qd6 29. d5 Bf6 30. Rg4+ Bg7 31. Qf5 h5 32. Be4 Qh6 33. Rxg7+ Kxg7 34.
Rg1+ Kh8 35. Rg5 1-0

[Event "23rd Abu Dhabi Masters"]
[Site "Abu Dhabi UAE"]
[Date "2016.08.28"]
[Round "8.36"]
[White "Ameir, Moheb"]
[Black "Muthaiah, AL"]
[Result "1-0"]
[WhiteTitle "IM"]
[WhiteElo "2431"]
[BlackElo "2289"]
[WhiteFideId "10600620"]
[BlackFideId "5092442"]
[EventDate "2016.08.21"]

1. e4 d6 2. d4 Nf6 3. Nc3 e5 4. Nf3 Nbd7 5. Bc4 Be7 6. O-O O-O 7. Re1 c6 8. a4
b6 9. Bg5 Bb7 10. dxe5 Nxe5 11. Ba2 h6 12. Bf4 Qc7 13. Nd4 Rfe8 14. Nf5 Bf8 15.
Bg3 Rad8 16. Bh4 Be7 17. Qe2 Bc8 18. Nd4 Ng6 19. Bg3 Bf8 20. Rad1 a6 21. Qc4 c5
22. Nd5 Nxd5 23. exd5 Rxe1+ 24. Rxe1 Bb7 25. Nc6 Bxc6 26. dxc6 Ne5 27. Qxa6 Qxc6
28. Qb5 Qxb5 29. axb5 Ra8 30. Bd5 Ra5 31. f4 Ng4 32. Bc6 Ra2 33. h3 Nf6 34. Rb1
g6 35. c4 Nh5 36. Bh4 f6 37. f5 gxf5 38. Bf3 Nf4 39. Bxf6 Nd3 40. Bd8 Nxb2 41.
Bxb6 Kh7 42. Bc7 Nxc4 43. Bd5 Rc2 44. Bxc4 Rxc4 45. b6 1-0

[Event "23rd Abu Dhabi Masters"]
[Site "Abu Dhabi UAE"]
[Date "2016.08.28"]
[Round "8.37"]
[White "Siva, Mahadevan"]
[Black "Vignesh, N R"]
[Result "0-1"]
[WhiteTitle "IM"]
[BlackTitle "IM"]
[WhiteElo "2352"]
[BlackElo "2423"]
[WhiteFideId "25043153"]
[BlackFideId "25012215"]
[EventDate "2016.08.21"]

1. d4 Nf6 2. c4 e6 3. Nf3 Bb4+ 4. Nbd2 b6 5. e3 O-O 6. Bd3 Bb7 7. a3 Bxd2+ 8.
Qxd2 a5 9. b3 d6 10. Bb2 Nbd7 11. Qc2 c5 12. Rd1 Qe7 13. O-O Rfd8 14. Nd2 d5 15.
Rfe1 Rac8 16. Bc3 cxd4 17. exd4 Qd6 18. Re3 a4 19. Rh3 h6 20. bxa4 dxc4 21. Bf1
Qxa3 22. d5 Qe7 23. d6 Qxd6 24. Nxc4 Qf4 25. Nd6 Be4 26. Qb2 Ra8 27. Nxe4 Qxe4
28. Rg3 e5 29. Bb5 Nc5 30. Re1 Nxa4 31. Rxe4 Rd1+ 32. Re1 Rxe1+ 33. Bxe1 Nxb2
34. Rb3 Ra1 35. Kf1 Ra2 36. Bc3 Nd1 37. Bxe5 Nxf2 38. Bd4 N2e4 39. Rb2 Rxb2 40.
Bxb2 Nd6 41. Bc6 Ng4 42. Ke2 Nc4 43. Bd4 Kf8 44. Bd5 Nge5 45. Bxc4 Nxc4 46. Kd3
b5 47. Kc3 f6 48. Bc5+ Kf7 49. Kb4 h5 50. Kxb5 Ne5 51. Bb6 Ke6 52. Kb4 Nd3+ 53.
Kc4 Ne1 54. g3 Kf5 55. Bf2 Nf3 56. h3 Ng5 57. g4+ hxg4 58. hxg4+ Kxg4 59. Kd5
Kf5 60. Bc5 Ne6 0-1

[Event "23rd Abu Dhabi Masters"]
[Site "Abu Dhabi UAE"]
[Date "2016.08.28"]
[Round "8.38"]
[White "Antonio, Viani D'cunha"]
[Black "Derakhshani, Dorsa"]
[Result "1-0"]
[BlackTitle "WIM"]
[WhiteElo "2346"]
[BlackElo "2405"]
[WhiteFideId "5027330"]
[BlackFideId "12500330"]
[EventDate "2016.08.21"]

1. e4 e5 2. Nf3 Nc6 3. Bc4 Bc5 4. O-O Nf6 5. d3 a6 6. Bb3 Ba7 7. Nbd2 d6 8. c3
O-O 9. h3 h6 10. Re1 Be6 11. Nf1 Re8 12. N3h2 d5 13. Qf3 Kh7 14. Bc2 d4 15. Ng3
Bc5 16. Nf5 Bf8 17. Ng4 Nxg4 18. hxg4 g6 19. g3 gxf5 20. gxf5 Bd7 21. Qh5 Qf6
22. Kg2 Ne7 23. g4 Ng8 24. Bb3 Re7 25. g5 Qg7 26. Kh2 Be8 27. gxh6 Nxh6 28. Rg1
Qh8 29. Rg3 Rd8 30. Bxh6 Bxh6 31. Qxh6+ Kxh6 32. Rag1 1-0

[Event "23rd Abu Dhabi Masters"]
[Site "Abu Dhabi UAE"]
[Date "2016.08.28"]
[Round "8.39"]
[White "Sidhant, Mohapatra"]
[Black "Das, Arghyadip"]
[Result "1/2-1/2"]
[BlackTitle "IM"]
[WhiteElo "2259"]
[BlackElo "2457"]
[WhiteFideId "5028698"]
[BlackFideId "5003610"]
[EventDate "2016.08.21"]

1. e4 c5 2. Nf3 d6 3. Bb5+ Nd7 4. O-O a6 5. Bd3 Ngf6 6. Re1 e5 7. c3 Be7 8. Bc2
O-O 9. d4 b5 10. Nbd2 Bb7 11. Nf1 Re8 12. d5 Bf8 13. Ng3 g6 14. h3 Bg7 1/2-1/2

[Event "23rd Abu Dhabi Masters"]
[Site "Abu Dhabi UAE"]
[Date "2016.08.28"]
[Round "8.40"]
[White "Gusain, Himal"]
[Black "Deshpande, Aniruddha"]
[Result "1-0"]
[WhiteElo "2453"]
[BlackElo "2219"]
[WhiteFideId "5033861"]
[BlackFideId "5021774"]
[EventDate "2016.08.21"]

1. e4 d5 2. exd5 Nf6 3. d4 Bg4 4. Bb5+ Nbd7 5. f3 Bf5 6. Nc3 a6 7. Ba4 b5 8. Bb3
Nb6 9. Nge2 Nfxd5 10. a4 Nxc3 11. Nxc3 c6 12. a5 Nd5 13. Ne4 e6 14. Bg5 Be7 15.
Bxe7 Qxe7 16. Nc5 Nf6 17. O-O Nd7 18. Nxd7 Qxd7 19. Re1 Rd8 20. c3 c5 21. dxc5
Qc7 22. Qe2 Qxc5+ 23. Qf2 Qxf2+ 24. Kxf2 Ke7 25. Rad1 Bd3 26. Ke3 Bc4 27. Bc2
Bd5 28. Rd2 Rb8 29. Rd4 Rhc8 30. Kd2 Rd8 31. Kc1 g6 32. Red1 f5 33. h4 Rdc8 34.
R1d2 Kf6 35. Kb1 h6 36. Bd1 g5 37. Be2 Rc6 38. Rd1 Bc4 39. Re1 Bxe2 40. Rxe2 Rg8
41. Kc2 e5 42. hxg5+ hxg5 43. Rd5 Re6 44. g4 Rh8 45. Rf2 Rh4 46. Rd8 f4 47. Kd3
e4+ 48. fxe4 Rxg4 49. Rh2 Ke7 50. Rd5 Rg3+ 51. Kd4 Re3 52. Rh7+ Ke8 53. Rxg5
R6xe4+ 54. Kd5 Re7 55. Rh8+ Kf7 56. Rf5+ Kg7 57. Rh4 f3 58. Rg4+ Kh6 59. Rg3
Rd7+ 60. Kc5 b4 61. Kxb4 Rd2 62. Ka3 Ree2 63. Rf4 Kh5 64. Rf8 Kh4 65. Rg7 Rd5
66. b4 Rg2 67. Rf4+ Kh5 68. Rgf7 Rdd2 69. Rxf3 Ra2+ 70. Kb3 Rab2+ 71. Kc4 Rg4+
72. Kc5 Rc2 73. R7f6 Rg5+ 74. Kb6 1-0

[Event "23rd Abu Dhabi Masters"]
[Site "Abu Dhabi UAE"]
[Date "2016.08.28"]
[Round "8.41"]
[White "Rayes, Abdul Kader"]
[Black "Sardana, Rishi"]
[Result "0-1"]
[BlackTitle "IM"]
[WhiteElo "2254"]
[BlackElo "2403"]
[WhiteFideId "7600801"]
[BlackFideId "25004301"]
[EventDate "2016.08.21"]

1. Nf3 d5 2. b3 Bg4 3. Bb2 Nd7 4. g3 e6 5. Bg2 Ngf6 6. h3 Bh5 7. d3 Bc5 8. g4
Bg6 9. e3 Qe7 10. a3 O-O 11. Nbd2 e5 12. Nh4 c6 13. Qe2 Rfe8 14. Nf1 d4 15. e4
Nf8 16. Nf5 Qc7 17. N1g3 Ne6 18. Bf3 Nf4 19. Qd1 Nd7 20. h4 f6 21. Bc1 Bf8 22.
Ne2 Nc5 23. Kf1 Nce6 24. Bd2 Bf7 25. Nfg3 c5 26. a4 b6 27. Qc1 Rac8 28. Nh5 Bd6
29. Ra2 a6 30. Qa1 Qe7 31. Nhxf4 exf4 32. Kg2 h6 33. Qc1 Qc7 34. Qb2 Be5 35.
Rha1 Nf8 36. Qc1 g5 37. h5 Nd7 38. Ng1 Bd6 39. Be2 Ne5 40. f3 Be6 41. Qd1 Nc6
42. Nh3 Be5 43. Nf2 Nd8 44. Qb1 Nf7 45. Qd1 Nd6 46. Qb1 Ra8 47. Bc1 Qc6 48. Bb2
Reb8 49. Qd1 Kf7 50. Qb1 Kf8 51. Qd1 Kg8 52. Kf1 Kf8 53. Kg2 Ke8 54. Kf1 Kd8 55.
Kg2 Kc8 56. Kf1 b5 57. axb5 axb5 58. Rxa8 Rxa8 59. Rxa8+ Qxa8 60. Qa1 Qxa1+ 61.
Bxa1 c4 62. bxc4 bxc4 63. Bb2 c3 64. Ba3 Kd7 65. Ke1 Ke8 66. Kd1 Nb7 67. Kc1 Ba2
68. Nh3 Bd6 69. Bxd6 Nxd6 70. Ng1 Kd7 71. Bd1 Kc6 72. Nh3 Nf7 73. Ng1 Ne5 74.
Nh3 Kc5 75. Ng1 Nc6 76. Nh3 Na7 77. Ng1 Nb5 78. Nh3 Na3 79. Nf2 Kd6 80. Be2 Nb1
81. Nh3 Na3 82. Ng1 Nb5 83. Nh3 Na7 84. Nf2 Nc6 85. Nh3 Kc5 86. Nf2 Kb4 87. Nh3
Ka3 88. Nf2 Nb4 89. Bd1 Be6 90. Kb1 Bd7 91. Nh3 Be8 92. Ng1 Ba4 93. Ne2 Nc6 94.
Nc1 Ne5 95. Be2 Kb4 96. Bd1 Kc5 97. Be2 Nc6 98. Na2 Kb5 99. Bd1 Ka5 100. Be2 Bb5
101. Nc1 Ka4 102. Bd1 Kb4 103. Be2 Ba4 104. Bd1 Ne5 105. Be2 Be8 106. Nb3 Nc6
107. Nc1 Bf7 108. Bd1 Ne5 109. Be2 Kc5 110. Bd1 Kd6 111. Be2 f5 112. Bd1 fxg4
113. fxg4 f3 114. Bxf3 Nxf3 115. Ne2 Ke5 116. Ng3 Be6 117. Kc1 Bxg4 118. Kd1 Kf4
119. Ne2+ Ke3 120. Ng3 Kf2 121. Nh1+ Kg2 122. Ke2 Ne5+ 123. Ke1 Kxh1 124. Kf2
Nxd3+ 125. Kg3 Ne5 126. Kf2 d3 0-1

[Event "23rd Abu Dhabi Masters"]
[Site "Abu Dhabi UAE"]
[Date "2016.08.28"]
[Round "8.42"]
[White "Hill, Alistair"]
[Black "Tissir, Mohamed"]
[Result "1/2-1/2"]
[BlackTitle "IM"]
[WhiteElo "2257"]
[BlackElo "2380"]
[WhiteFideId "432407"]
[BlackFideId "9000240"]
[EventDate "2016.08.21"]

1. c4 Nf6 2. d4 g6 3. Nc3 Bg7 4. e4 O-O 5. f3 d6 6. Nge2 c5 7. d5 e6 8. Ng3 exd5
9. cxd5 a6 10. a4 h5 11. Be2 Nbd7 12. O-O Nh7 13. Be3 Ne5 14. Qd2 h4 15. Nh1 f5
16. exf5 gxf5 17. Nf2 Qf6 18. Nh3 Ng6 19. f4 Bd7 20. Rfe1 Nh8 21. Ra3 Rae8 22.
Bf2 Nf7 23. Rb3 Bc8 24. a5 Qh6 25. Bf3 Ne5 26. Qd1 Ng4 27. Ne2 Re7 28. Rb6 Nxf2
29. Nxf2 Rfe8 30. Rf1 Nf8 31. Nh3 Nd7 32. Rb3 Nf6 33. Ng5 c4 34. Rb4 Ne4 35.
Bxe4 fxe4 36. Rxc4 e3 37. Qc2 Bd7 38. Rc7 Bb5 39. Rxe7 Rxe7 40. Re1 Bf6 41. Qc8+
Be8 42. Qf5 Bxb2 43. Ne6 Bg6 44. Qh3 Be4 45. Rd1 Qg6 46. Ng5 Bxd5 47. Qxh4 Bb3
48. Re1 Bf6 49. Qg4 Be6 50. Qg3 Bf5 51. h4 Bg7 52. Qf3 Bf6 53. Nd4 Be4 54. Qxe3
Bd5 55. Qxe7 Bxe7 56. Rxe7 Qf6 57. Re8+ Kg7 58. Nde6+ Bxe6 59. Nxe6+ Kh7 60.
Ng5+ Kg7 61. Ne6+ Kh7 62. Ng5+ Kg7 1/2-1/2

[Event "23rd Abu Dhabi Masters"]
[Site "Abu Dhabi UAE"]
[Date "2016.08.28"]
[Round "8.43"]
[White "Omar, Noaman"]
[Black "Mohota, Nisha"]
[Result "1/2-1/2"]
[WhiteTitle "IM"]
[BlackTitle "IM"]
[WhiteElo "2377"]
[BlackElo "2257"]
[WhiteFideId "9300244"]
[BlackFideId "5004330"]
[EventDate "2016.08.21"]

1. Nf3 Nf6 2. d4 g6 3. c4 Bg7 4. Nc3 d6 5. e4 O-O 6. h3 e5 7. d5 Nh5 8. g3 Qe7
9. Be2 Na6 10. Nh2 f5 11. exf5 Rxf5 12. Ne4 Nf6 13. Bg5 Qf8 14. Bxf6 Bxf6 15.
Nf3 Be7 16. Nfd2 Rf7 17. h4 Nc5 18. Nxc5 dxc5 19. Ne4 Bf5 20. f3 Bxe4 21. fxe4
Qh6 22. Qd2 Qxd2+ 23. Kxd2 Raf8 24. Raf1 Rxf1 25. Bxf1 Rf3 26. Rg1 Bf8 27. Ke2
Rf6 28. Bh3 Kg7 29. Be6 Bd6 30. Rc1 b6 31. Rh1 Be7 32. h5 g5 33. Bf5 Bd6 34. Rd1
Be7 35. Rd3 a5 36. Rf3 h6 37. g4 Kf8 38. Kd3 Ke8 39. Kc2 Kd8 40. Kb3 c6 41. Rd3
Kc7 42. dxc6 Rd6 43. Rd5 Kxc6 44. Rxe5 Bf6 45. Re8 Rd8 46. Re6+ Rd6 47. Re8 Rd8
48. Rxd8 Bxd8 49. e5 Bc7 50. e6 Bd8 51. Ka4 Bf6 52. Be4+ Kd6 53. Kb5 Kc7 54. b3
Bd8 55. a3 Be7 56. Bc2 Bf8 57. Bf5 Be7 58. Be4 Bf8 59. Bf5 Be7 60. Be4 1/2-1/2

[Event "23rd Abu Dhabi Masters"]
[Site "Abu Dhabi UAE"]
[Date "2016.08.28"]
[Round "8.46"]
[White "Manush, Shah"]
[Black "Kulkarni, Rakesh"]
[Result "0-1"]
[WhiteElo "2151"]
[BlackElo "2316"]
[WhiteFideId "5040680"]
[BlackFideId "5037077"]
[EventDate "2016.08.21"]

1. d4 Nf6 2. c4 e6 3. Nc3 Bb4 4. a3 Bxc3+ 5. bxc3 O-O 6. Qc2 d6 7. e4 Nbd7 8.
Bd3 e5 9. Ne2 c5 10. d5 Re8 11. O-O Nf8 12. f4 exf4 13. Bxf4 Ng4 14. h3 Ne5 15.
Rae1 Nfg6 16. Bg3 Qg5 17. Kh2 h5 18. Qc1 Qe7 19. Qd2 Nxd3 20. Qxd3 h4 21. Bf4
Ne5 22. Qc2 Nxc4 23. Ng1 g5 24. Qe2 Ne5 25. Bc1 Bd7 26. Nf3 f6 27. Nxe5 dxe5 28.
Be3 Rac8 29. Rf2 Rf8 30. Ref1 Qg7 31. c4 Qg6 32. Bd2 Rf7 33. Rb1 b6 34. Bc3 Rcf8
35. Rbf1 Re7 36. Bd2 Rh7 37. Bc3 Rff7 38. Bb2 Kf8 39. Bc3 Ke7 40. a4 Rhg7 41.
Qd3 g4 42. hxg4 Qxg4 43. d6+ Kf8 44. Qf3 Qg3+ 45. Kh1 h3 46. gxh3 Bxh3 47. Qxg3
Rxg3 48. Bxe5 Rd3 49. Bxf6 Bxf1 50. Rxf1 Rxd6 51. e5 Rd4 52. e6 Rh7+ 53. Kg2
Rxc4 54. Rd1 Re7 55. Bxe7+ Kxe7 56. Rd7+ Kxe6 57. Rxa7 Kd5 58. Kf3 Kd4 59. a5 b5
60. a6 Ra4 61. Ra8 b4 62. a7 Kc3 63. Rc8 Rxa7 64. Rxc5+ Kb2 65. Ke3 Rd7 66. Rc8
b3 67. Rc6 Ka2 68. Ra6+ Kb1 69. Rb6 b2 70. Rc6 Ra7 71. Kd2 Ka1 72. Rb6 b1=Q 73.
Rxb1+ Kxb1 0-1

[Event "23rd Abu Dhabi Masters"]
[Site "Abu Dhabi UAE"]
[Date "2016.08.28"]
[Round "8.47"]
[White "Derakhshani, Borna"]
[Black "Pujari, Rucha"]
[Result "1-0"]
[WhiteTitle "FM"]
[BlackTitle "WFM"]
[WhiteElo "2265"]
[BlackElo "2137"]
[WhiteFideId "12518450"]
[BlackFideId "5024528"]
[EventDate "2016.08.21"]

1. d4 d5 2. Bf4 Nf6 3. e3 Bf5 4. Bd3 Bg6 5. Nf3 e6 6. Ne5 Nbd7 7. Nxg6 hxg6 8.
Nd2 c5 9. c3 Qb6 10. Qb3 a6 11. Qxb6 Nxb6 12. O-O Be7 13. dxc5 Bxc5 14. Nb3 Nbd7
15. Nxc5 Nxc5 16. Bc2 O-O-O 17. f3 Rhe8 18. b4 Ncd7 19. a4 e5 20. Bg5 Nb6 21.
Bb3 Rd6 22. Rfd1 Red8 23. a5 Nc4 24. Kf2 R8d7 25. Ke2 Nh7 26. Bh4 Nf8 27. Bxc4
g5 28. Bxg5 f6 29. Bxd5 Rxd5 30. Rxd5 Rxd5 31. e4 Rd6 32. Be3 Rc6 33. Rc1 g6 34.
h4 f5 35. exf5 gxf5 36. g4 f4 37. Bd2 Kd7 38. Rb1 Ke6 39. b5 axb5 40. Rxb5 Rc7
41. Rb6+ Kf7 42. g5 Ne6 43. g6+ Ke7 44. h5 Ng7 45. h6 Nf5 46. h7 Rc8 47. Rxb7+
Kf6 48. a6 Kxg6 49. a7 Ng3+ 50. Kd1 e4 51. Rb8 exf3 52. Be1 Rxc3 53. a8=Q 1-0

[Event "23rd Abu Dhabi Masters"]
[Site "Abu Dhabi UAE"]
[Date "2016.08.28"]
[Round "8.48"]
[White "Aradhya, Garg"]
[Black "Senthil, Maran K"]
[Result "1-0"]
[WhiteElo "2262"]
[BlackElo "2208"]
[WhiteFideId "25006746"]
[BlackFideId "25035681"]
[EventDate "2016.08.21"]

1. d4 d6 2. Nf3 Bg4 3. c4 Bxf3 4. exf3 c6 5. Nc3 Nf6 6. Be2 d5 7. Qb3 Qb6 8. c5
Qxb3 9. axb3 e5 10. dxe5 Nfd7 11. b4 Nxe5 12. Be3 Nbd7 13. Bd4 a6 14. f4 Ng6 15.
g3 O-O-O 16. O-O Re8 17. b5 Bxc5 18. Bxg7 Rhg8 19. bxc6 bxc6 20. Bxa6+ Kc7 21.
Bh6 f6 22. Rfc1 Rb8 23. Rc2 Nh4 24. Na4 Nf3+ 25. Kg2 Nd4 26. Rxc5 Nxc5 27. Nxc5
Kd6 28. Nb7+ Kc7 29. f5 Rxb7 30. Bf4+ Kb6 31. Bxb7 Kxb7 32. Be3 Nb5 33. Bc5 Rg5
34. Re1 Rxf5 35. Re7+ Ka6 36. b4 h5 37. f4 h4 38. Kf3 hxg3 39. Kg4 g2 40. Kxf5
Nd6+ 41. Ke6 Ne4 42. Rg7 1-0

[Event "23rd Abu Dhabi Masters"]
[Site "Abu Dhabi UAE"]
[Date "2016.08.28"]
[Round "8.49"]
[White "Sadhwani, Raunak"]
[Black "Raja, Harshit"]
[Result "1-0"]
[WhiteTitle "CM"]
[WhiteElo "2069"]
[BlackElo "2354"]
[WhiteFideId "35093487"]
[BlackFideId "5089000"]
[EventDate "2016.08.21"]

1. e4 g6 2. d4 Bg7 3. c3 d6 4. Nf3 Nf6 5. Bd3 O-O 6. O-O c5 7. d5 Nbd7 8. Bf4
Ng4 9. Nbd2 Nge5 10. Nxe5 Nxe5 11. Be2 a6 12. a4 Rb8 13. a5 Bd7 14. Bg3 f5 15.
exf5 Bxf5 16. Bxe5 Bxe5 17. Nc4 Bg7 18. Bg4 Qc8 19. Bxf5 Qxf5 20. Nb6 Be5 21.
Qe2 Rbe8 22. Rae1 g5 23. Qe4 Rd8 24. Nc4 Qxe4 25. Rxe4 Bf6 26. Rfe1 Rd7 27. g3
Rf7 28. Ne3 Bg7 29. Nc4 Bf6 30. Kg2 Bg7 31. h4 gxh4 32. Rxh4 Rf5 33. Rhe4 Bf8
34. Ne3 Rf6 35. Ng4 Rg6 36. Ne3 Kf7 37. Rh1 h6 38. Re1 Rd8 39. Kf1 Rf6 40. Ng2
b6 41. axb6 Rb8 42. Ra1 Rxb6 43. Ra2 Bg7 44. Rea4 e6 45. Nf4 e5 46. Ne6 Bf8 47.
Rxa6 Rxa6 48. Rxa6 Rxe6 49. dxe6+ Kxe6 50. b4 cxb4 51. cxb4 Kd5 52. b5 Kc5 53.
b6 Kc6 54. Ra7 d5 55. b7 Bd6 56. Ra6+ 1-0

[Event "23rd Abu Dhabi Masters"]
[Site "Abu Dhabi UAE"]
[Date "2016.08.28"]
[Round "8.50"]
[White "Ramnath, Bhuvanesh R"]
[Black "Wafa, Shahenda"]
[Result "1-0"]
[WhiteTitle "IM"]
[BlackTitle "WIM"]
[WhiteElo "2307"]
[BlackElo "2113"]
[WhiteFideId "5026598"]
[BlackFideId "10609962"]
[EventDate "2016.08.21"]

1. e4 c5 2. Nf3 d6 3. d4 cxd4 4. Nxd4 Nf6 5. Nc3 g6 6. Be2 Bg7 7. O-O O-O 8. Kh1
Nc6 9. Nb3 Be6 10. f4 a6 11. Bf3 Bc4 12. Re1 Rc8 13. Be3 b5 14. Qd2 Qc7 15. Nd5
Qb7 16. Nxf6+ exf6 17. Rad1 Rfd8 18. Qf2 Bxb3 19. axb3 a5 20. Bb6 Re8 21. Rxd6
a4 22. Red1 axb3 23. cxb3 Nb4 24. e5 Qe7 25. Bc5 Na6 26. exf6 Bxf6 27. Rxa6 Rxc5
28. Rxf6 Rc2 29. Qd4 Rec8 30. Rd6 Rc1 31. Qe5 Qc7 32. h3 Rc5 33. Qf6 Rc1 34.
Rxc1 Qxc1+ 35. Kh2 1-0

[Event "23rd Abu Dhabi Masters"]
[Site "Abu Dhabi UAE"]
[Date "2016.08.28"]
[Round "8.51"]
[White "Dargan, Paul A G"]
[Black "Harikrishnan, A. Ra"]
[Result "0-1"]
[WhiteTitle "CM"]
[WhiteElo "2159"]
[BlackElo "2280"]
[WhiteFideId "416762"]
[BlackFideId "5081483"]
[EventDate "2016.08.21"]

1. e4 e6 2. d4 d5 3. Nd2 Nf6 4. e5 Nfd7 5. c3 c5 6. Bd3 Nc6 7. Ne2 cxd4 8. cxd4
f6 9. exf6 Nxf6 10. O-O Bd6 11. Nf3 O-O 12. Bf4 Bxf4 13. Nxf4 Ne4 14. Qc1 Ng5
15. Nxg5 Qxg5 16. Bxh7+ Kxh7 17. Nxe6 Qf5 18. Nxf8+ Qxf8 19. Qg5 Bf5 20. Rfe1
Qf7 21. Re3 Rf8 22. Rae1 Kg8 23. Qh4 Qd7 24. Qg5 Be4 25. f3 Qf7 26. Rd1 Bc2 27.
Rd2 Bf5 28. g3 Qc7 29. Kg2 Qf7 30. Re1 Bg6 31. Qe3 Kh8 32. Rf2 Qf6 33. Rd1 Re8
34. Qc3 Bf5 35. h4 Qe6 36. Qd2 Nd8 37. Qf4 Nf7 38. Rdd2 Qd7 39. g4 Bb1 40. a3
Rf8 41. Rde2 Qd8 42. Kg3 Nh6 43. Qe5 Bg6 44. Qe7 Qc8 45. Qe6 Qc7+ 46. Qe5 Qc4
47. h5 Re8 48. hxg6 Rxe5 49. Rxe5 Qc6 50. Rg5 Kg8 51. Re2 Kf8 52. Ree5 Qc7 53.
f4 Qc4 54. Rxd5 Qd3+ 55. Kg2 Nxg4 56. Rgf5+ Nf6 57. Rde5 Qxd4 58. Kg3 Qg1+ 59.
Kf3 Qxg6 60. Rc5 Qg4+ 61. Kf2 Kg8 62. Ke3 b6 63. Rce5 Qg3+ 64. Kd4 Qf2+ 65. Kc3
Qf3+ 66. Kc2 Qc6+ 67. Kb1 g6 68. Rg5 Ne4 69. Rg1 Nd2+ 70. Ka1 Nf3 71. Rgg5 Nxe5
72. Rxe5 Qc1+ 0-1

[Event "23rd Abu Dhabi Masters"]
[Site "Abu Dhabi UAE"]
[Date "2016.08.28"]
[Round "8.52"]
[White "Severina, Maria"]
[Black "Dimarucut, Francis Erwin"]
[Result "1-0"]
[WhiteTitle "WIM"]
[WhiteElo "2262"]
[BlackElo "2172"]
[WhiteFideId "4116909"]
[BlackFideId "5209277"]
[EventDate "2016.08.21"]

1. d4 Nf6 2. c4 e6 3. Nf3 b6 4. g3 Bb7 5. Bg2 Be7 6. O-O O-O 7. Nc3 Ne4 8. Bd2
f5 9. Ne5 Nxc3 10. Bxc3 Bxg2 11. Kxg2 d6 12. Nd3 Qc8 13. d5 e5 14. b4 c6 15. c5
bxc5 16. bxc5 Nd7 17. Rc1 Nxc5 18. Nxc5 dxc5 19. d6 Bg5 20. Qb3+ Kh8 21. Rcd1
Qe8 22. d7 Qh5 23. Bxe5 Qxe2 24. Rfe1 Qh5 25. h4 c4 26. Qc3 Bxh4 27. Bxg7+ Kg8
28. Bxf8 1-0